Catalog

Record Details

Catalog Search



The heart of an angel : 1992-2007. #7 / Henry K. ... Read More

Ripplinger, Henry,(author.).

Available copies

  • 1 of 1 copy available at LARL/NWRL Consortium.

Current holds

0 current holds with 1 total copy.

Show Only Available Copies
Location Call Number / Copy Notes Barcode Shelving Location Status Due Date
Hallock Public Library RIP (Text) 35500006138570 Main Available -

Record details

  • ISBN: 9781928142119
  • ISBN: 1928142117
  • ISBN: 9781928142126
  • ISBN: 1928142125
  • Physical Description: 535 pages.
  • Publisher: Lumsden, Saskatchewan : Pio-Seelos Books, 2018.

Content descriptions

Summary, etc.:
"The Heart of an Angel is the seventh and final ... Read More
Additional Physical Form available Note:
Issued also in electronic format.
Subject: Pedersen, Henry (Fictitious character) > Fiction.
Sarsky, Jenny (Fictitious character) > Fiction.
Genre: Fiction.
LDR 01684nam a22004098i 4500
001306630
003LARL_NWRL_CONSORTIUM
00520190109142646.0
008171214s2018 snc 000 f eng
040 . ‡aNLC ‡beng ‡erda ‡cNLC
015 . ‡a20179080512 ‡2can
016 . ‡a(AMICUS)000045278327
020 . ‡a9781928142119 ‡q(hardcover)
020 . ‡a1928142117
020 . ‡a9781928142126 ‡q(softcover)
020 . ‡a1928142125
035 . ‡a(OCoLC)1035314535
055 0. ‡aPS8585 I565 ‡bH43 2018
08204. ‡aC813/.6 ‡223
084 . ‡acci1icc ‡2lacc
084 . ‡acoll13 ‡2lacc
1001 . ‡aRipplinger, Henry, ‡eauthor. ‡0(LARL_NWRL_CONSORTIUM)150841
24514. ‡aThe heart of an angel : ‡b1992-2007. ‡n#7 / ‡cHenry K. Ripplinger.
264 1. ‡aLumsden, Saskatchewan : ‡bPio-Seelos Books, ‡c2018.
300 . ‡a535 pages.
336 . ‡atext ‡btxt ‡2rdacontent
337 . ‡aunmediated ‡bn ‡2rdamedia
338 . ‡avolume ‡bnc ‡2rdacarrier
4900 . ‡aAngelic letters ; ‡v7
520 . ‡a"The Heart of an Angel is the seventh and final book in the Angelic Letters Series. It is an epic, inspirational Christian love story which follows over five decades the lives of two fifteen year olds, Henry Pederson and Jenny Sarsky who meet in the summer of 1956."-- ‡cProvided by publisher.
530 . ‡aIssued also in electronic format.
650 0. ‡aPedersen, Henry (Fictitious character) ‡vFiction.
650 0. ‡aSarsky, Jenny (Fictitious character) ‡vFiction.
655 7. ‡aFiction. ‡2fast
7761 . ‡aRipplinger, Henry, author. ‡tHeart of an angel./ ‡dLumsden, Saskatchewan : Pio-Seelos Books, 2018. ‡kRipplinger, Henry Angelic letters series ; 7 ‡kThe angelic letters series ; ‡w(CaOONL)20179080520
905 . ‡uvanderl
901 . ‡a306630 ‡b ‡c306630 ‡tbiblio ‡soclc

Additional Resources